Digital and Microprocessor Fundamentals : Theory and Applications /

में बचाया:
ग्रंथसूची विवरण
मुख्य लेखक: Kleitz, William (autor)
स्वरूप: पुस्तक
भाषा:अंग्रेज़ी
प्रकाशित: Upper Saddle River, EUA : Prentice-Hall 2003, c2003
संस्करण:4a edición
विषय:
टैग: टैग जोड़ें
कोई टैग नहीं, इस रिकॉर्ड को टैग करने वाले पहले व्यक्ति बनें!

MARC

LEADER 00000nam^a2200000^a^4500
001 000143287
005 20250521000000.0
009 20260310095717.911
020 |a 0-13-093217-5 
037 |a Acervo ITESO - Biblioteca 
041 |a ING 
082 |a 621. 395  |b KLE 
100 |a Kleitz, William  |e (autor) 
245 1 0 |a Digital and Microprocessor Fundamentals :  |b Theory and Applications /  |c W. Kleitz. 
250 |a 4a edición 
264 4 |a Upper Saddle River, EUA :  |b Prentice-Hall  |c 2003, c2003 
300 |a XIV, 588 p. +  |e 1 disco compacto de computadora 
336 |a texto  |b txt  |2 rdacontenido 
337 |a sin mediación  |b n  |2 rdamedio 
338 |a volumen  |b nc  |2 rdasoporte 
649 |a XX 
650 |a Microprocesadores 
650 |a Circuitos Multiplexores 
650 |a Memorias (Ingeniería Computacional) 
650 |a Circuitos Integrados 
650 |a Circuitos Electrónicos 
650 |a Electrónica Digital 
650 |a Ingeniería Computacional 
650 |a Ingeniería Electrónica 
910 |a Fondo General 
920 |a Impresos - Libros 
930 |a Colección General 
905 |a 101 
901 |a 0500071910  |b IT1  |c ACC  |u 20250521 
901 |a 0500072048  |b IT2  |c SWS  |u 20250521 
902 |a https://opac.biblio.iteso.mx/vufind/Record/000143287